Fuentes y raíces del pensamiento antiimperialista de José Martí /

Sparad:
Bibliografiska uppgifter
Huvudupphovsman: Marinello, Juan
Materialtyp: Text
Taggar: Lägg till en tagg
Inga taggar, Lägg till första taggen!

MARC

LEADER 00000 a a2200000 04500
001 2626
003
040
100 |a Marinello, Juan  
245 |a Fuentes y raíces del pensamiento antiimperialista de José Martí /  |c Juan Marinello 
773 |g número 90; páginas 4-12  
999 |c 24756  |d 24756